000 00540nam a22002417a 4500
003 UA-OsUOA
001 26538
007 ta
008 20040607b un ||||| |||| 00| 0 ukr d
100 _aЮз. Д.
090 _a539.125
_bЮ20
942 _cBK
040 _aUA-OsUOA
_brus
_cUA-OsUOA
_dUA-OsUOA
245 _aИстория нейтрона
300 _a120 с.
955 _a0
041 _arus
080 _a539.125
260 _aМосква
_bАтомиздат
_c1964
044 _aRU
650 7 _2UDC
999 _c312863
_d312863